000 00312nam a2200133Ia 4500
005 20251222141811.0
008 251222s9999||||xx |||||||||||||| ||spa||
020 _a9786124126017
082 _a391.009.85/M61
245 0 _aAnaco de Camilaca
250 _a1ra.ed.
264 _bMinisterio de Cultura
942 _cLIB
999 _c6492
_d6492